书目信息 |
| 题名: |
高等混凝土结构理论
|
|
| 作者: | 江见鲸 , 李杰 , 金伟良 主编 | |
| 分册: | ||
| 出版信息: | 北京 中国建筑工业出版社 2007.01 |
|
| 页数: | 351页 | |
| 开本: | 26cm | |
| 丛书名: | 土木工程专业研究生系列教材 | |
| 单 册: | ||
| 中图分类: | TU37 | |
| 科图分类: | ||
| 主题词: | 混凝土结构--hun ning tu jie gou--研究生--教学参考资料 | |
| 电子资源: | ||
| ISBN: | 978-7-112-08572-9 | |
| 000 | 01229nam 2200289 450 | |
| 001 | 012008408807 | |
| 005 | 20080113141818.81 | |
| 010 | @a978-7-112-08572-9@dCNY32.00 | |
| 100 | @a20080113d2007 em y0chiy0120 ea | |
| 101 | 0 | @achi |
| 102 | @aCN@b110000 | |
| 105 | @aak a 000yy | |
| 106 | @ar | |
| 200 | 1 | @a高等混凝土结构理论@Agao deng hun ning tu jie gou li lun@f江见鲸, 李杰, 金伟良主编@Fjiang jian jing,li jie,jin wei liang zhu bian |
| 210 | @a北京@c中国建筑工业出版社@d2007.01 | |
| 215 | @a351页@c图@d26cm | |
| 225 | 2 | @a土木工程专业研究生系列教材@Atu mu gong cheng zhuan ye yan jiu sheng xi lie jiao cai |
| 320 | @a有书目 | |
| 330 | @a本书全面系统地介绍了混凝土结构的设计计算理论、科研成果和工程应用前景,主要内容包括绪论、混凝土材料、混凝土受力本构关系、钢筋与混凝土的粘接、建筑结构设计方法、受弯与压弯构件分析原理、受剪构件分析原理、受扭构件分析原理、钢筋混凝土的裂缝与变形等。 | |
| 410 | 0 | @12001 @a土木工程专业研究生系列教材 |
| 606 | 0 | @a混凝土结构@Ahun ning tu jie gou@x研究生@j教学参考资料 |
| 690 | @aTU37@v4 | |
| 701 | 0 | @a江见鲸@Ajiang jian jing@4主编 |
| 701 | 0 | @a李杰@Ali jie@4主编 |
| 701 | 0 | @a金伟良@Ajin wei liang@4主编 |
| 801 | 0 | @aCN@bQSSK@c20080113 |
| 905 | @b277662-64@dTU37@eJ362@f3 | |
| 高等混凝土结构理论/江见鲸, 李杰, 金伟良主编.-北京:中国建筑工业出版社,2007.01 |
| 351页:图;26cm.-(土木工程专业研究生系列教材) |
| ISBN 978-7-112-08572-9:CNY32.00 |
| 本书全面系统地介绍了混凝土结构的设计计算理论、科研成果和工程应用前景,主要内容包括绪论、混凝土材料、混凝土受力本构关系、钢筋与混凝土的粘接、建筑结构设计方法、受弯与压弯构件分析原理、受剪构件分析原理、受扭构件分析原理、钢筋混凝土的裂缝与变形等。 |
| ● |
| 相关链接 |
|
|
|
正题名:高等混凝土结构理论
索取号:TU37/J362
 
预约/预借
| 序号 | 登录号 | 条形码 | 馆藏地/架位号 | 状态 | 备注 |
| 1 | 277662 | 202776629 | 建筑库101/101建筑库 85排1列4层/ [索取号:TU37/J362] | 在馆 | |
| 2 | 277663 | 202776638 | 土木与交通工程学院资料室/101建筑库 44排2列3层/ [索取号:TU37/J362] | 在馆 | |
| 3 | 277664 | 202776647 | 建筑库101/101建筑库 85排1列4层/ [索取号:TU37/J362] | 在馆 |